000 01158nam a22003377a 4500
003 CHAP
005 20220817040803.0
008 971013s1981 r 00010 d
010 _a321
011 _a1293
035 _a469
040 _cCHAP
082 _a333.09727
_bS3
100 0 0 _aSantos Carrera, Moisés.
_9102457
245 _aHistoria de la cuestión agraria mexicana
_b: estado de Guerrero
260 _aChilpancingo, Gro. :
_bUniversidad Autónoma de Guerrero,
_c[198 - 198?]
300 _av.
500 _a36-29
500 _aLa biblioteca tiene: v.2 Epócas: prehispánica y colonial
590 _aBATCH-UPD
_b10
_c20130110
_lUCH01
_h1702
590 _aBATCH-UPD
_b10
_c20130410
_lUCH01
_h1050
590 _aBATCH-UPD
_b10
_c20130914
_lUCH01
_h0910
590 _aCONVERSION
_b10
_c20130109
_lUCH01
_h1302
650 1 4 _aTierras
_xTenencia
_xGuerrero.
_9113169
650 1 4 _aTierras
_xTenencia
_xHistoria.
_9113171
700 0 _aAlvarez Hernandez, Jesus.
_94925
710 0 _aCentro de Estudios Históricos del Agrarismo en México.
901 _aBK
942 _cLIBRO
949 _a333.09727 S3
_bBC
_cLIBRO
_d33724000344859
_eLIBRO
_fv.2
_h76753
_i469
_si
999 _c321
_d321